| 000 | 00505nam a2200181Ia 4500 | ||
|---|---|---|---|
| 001 | 66202 | ||
| 008 | 231103n ii |||gr||||Z||||||asm | ||
| 082 | _a891.41108 | ||
| 100 | _aGogoi, S.(Editor). | ||
| 245 | 0 |
_aGonesh Gogoi Kabita and geetor Sankalan _cBy Snehalata Gogoi _hTextual Documents |
|
| 250 | _aFirst. | ||
| 260 |
_aJorhat: _bS Gogoi. |
||
| 300 |
_a88pg: _c23cm. |
||
| 653 | _aASsamese Kabita | ||
| 653 | _aGonesh Gogoi Kabita and geetor Sankalan | ||
| 653 | _aG-Gift Alm | ||
| 942 |
_2ddc _cBK |
||
| 999 |
_c67295 _d67295 |
||